Journal of Patient-Reported Outcomes (Запис № 454257)

МАРК-запис
000 -LEADER
fixed length control field 02774nas a22002895i 4500
001 - CONTROL NUMBER
control field 2509-8020
003 - CONTROL NUMBER IDENTIFIER
control field DE-He213
005 - DATE AND TIME OF LATEST TRANSACTION
control field 20200701150214.0
007 - PHYSICAL DESCRIPTION FIXED FIELD--GENERAL INFORMATION
fixed length control field cr nn 008mamaa
008 - FIXED-LENGTH DATA ELEMENTS--GENERAL INFORMATION
fixed length control field 160805s||||||||gw uu poo|||||| b|EN |d
022 ## - INTERNATIONAL STANDARD SERIAL NUMBER
International Standard Serial Number 2509-8020
024 7# - OTHER STANDARD IDENTIFIER
Standard number or code 41687
Source of number or code local
210 10 - ABBREVIATED TITLE
Abbreviated title J Patient Rep Outcomes
245 10 - TITLE STATEMENT
Title Journal of Patient-Reported Outcomes
Medium [electronic resource] /
Statement of responsibility, etc edited by Dennis Revicki, David Feeny.
264 #1 -
-- Cham :
-- Springer International Publishing :
-- Imprint: Springer.
300 ## - PHYSICAL DESCRIPTION
Other physical details online resource.
520 ## - SUMMARY, ETC.
Summary, etc The Journal of Patient-Reported Outcomes (JPRO) is an international, open access, multi-disciplinary journal publishing original manuscripts in the field of patient-reported outcomes (PROs). Listed below are some examples of the types of papers to be considered for publication in JPRO. 1) PROs in clinical trials. Results and methodology for PROs in clinical trials and other clinical studies. 2) PROs in clinical practice. Methods and applications of PROs in clinical practice, including individual patient management and using PRO results from comparative studies. 3) Patient, family, community, and public engagement. Methods to engage patients, family members, and members of the general public in the process of PRO-related research, policy formulation, and clinical guidelines development, and the evaluation of the effects of such engagement. 4) Qualitative studies on the development and application of PROs. Application, innovation, and best practices in qualitative and mixed methods in the development and use of PRO measures. 5) Studies of the social and behavioural determinants of health using PRO measures. Observational studies with PRO content. 6) Patient-Reported Experience Measures (PREMs). Factors which may impact the experiences of patients, as well as their families, caregivers and healthcare providers. Innovative methods of capturing and analysing patient experiences. 7) Other papers. JPRO will consider original research and review articles, brief communications, commentaries, editorials, and reviews of recent books and software advances relevant to topics 1 through 6, above. .
650 #0 - SUBJECT ADDED ENTRY--TOPICAL TERM
Topical term or geographic name as entry element Medical research.
650 #0 - SUBJECT ADDED ENTRY--TOPICAL TERM
Topical term or geographic name as entry element Quality of life.
650 14 - SUBJECT ADDED ENTRY--TOPICAL TERM
Topical term or geographic name as entry element Quality of Life Research.
-- http://scigraph.springernature.com/things/product-market-codes/H65000
650 24 - SUBJECT ADDED ENTRY--TOPICAL TERM
Topical term or geographic name as entry element Quality of Life Research.
-- http://scigraph.springernature.com/things/product-market-codes/X23000
700 1# - ADDED ENTRY--PERSONAL NAME
Personal name Revicki, Dennis.
Relator term editor.
Relator code edt
-- http://id.loc.gov/vocabulary/relators/edt
700 1# - ADDED ENTRY--PERSONAL NAME
Personal name Feeny, David.
Relator term editor.
Relator code edt
-- http://id.loc.gov/vocabulary/relators/edt
710 2# - ADDED ENTRY--CORPORATE NAME
Corporate name or jurisdiction name as entry element SpringerLink (Online service)
856 40 - ELECTRONIC LOCATION AND ACCESS
Uniform Resource Identifier <a href="http://link.springer.com/journal/41687">http://link.springer.com/journal/41687</a>
Public note Open Access

Немає доступних примірників.